[Event "Titled Tuesday intern op 20th Dec Late"]
[Site "Chess.com INT"]
[Date "2022.12.20"]
[Round "4"]
[White "Migot, Tangi"]
[Black "Zhou, Aiden"]
[Result "1-0"]
[WhiteElo "2364"]
[BlackElo "2135"]
[PlyCount "77"]
[EventDate "2022.12.20"]
[EventType "swiss (blitz)"]
[EventRounds "11"]
[EventCountry "USA"]
[SourceTitle "EXT 2024"]
[Source "ChessBase"]
[SourceDate "2023.10.10"]
[SourceVersion "1"]
[SourceVersionDate "2023.10.10"]
[SourceQuality "1"]

1. Nf3 Nf6 2. b3 g6 3. Bb2 Bg7 4. e4 0-0 5. e5 Nd5 6. c4 Nb6 7. d4 d6 8. exd6 exd6 9. Be2 Nc6 10. h3 Re8 11. 0-0 Bf5 12. Nbd2 Nb4 13. Bc3 Bc2 14. Qc1 Rxe2 15. Bxb4 Bf5 16. Re1 Rxe1+ 17. Qxe1 Qd7 18. Nf1 Re8 19. Qd2 Re7 20. Re1 Qe8 21. Ng3 Rxe1+ 22. Nxe1 Bd7 23. d5 Nc8 24. Bc3 Bxc3 25. Qxc3 Qe5 26. Qxe5 dxe5 27. Nd3 e4 28. Nc5 Bf5 29. Nxb7 Kg7 30. Kf1 Kf6 31. Ke2 Ke5 32. Ke3 Nb6 33. Na5 Nd7 34. Nc6+ Kd6 35. Nxa7 Kc5 36. Nc6 Nb6 37. Nxe4+ Bxe4 38. Kxe4 f5+ 39. Ke5 1-0

[Event "Titled Tuesday intern op 20th Dec Late"]
[Site "Chess.com INT"]
[Date "2022.12.20"]
[Round "10"]
[White "Zhou, Aiden"]
[Black "Aghasiyev, Kamal"]
[Result "0-1"]
[WhiteElo "2135"]
[BlackElo "2441"]
[PlyCount "62"]
[EventDate "2022.12.20"]
[EventType "swiss (blitz)"]
[EventRounds "11"]
[EventCountry "USA"]
[SourceTitle "EXT 2024"]
[Source "ChessBase"]
[SourceDate "2023.10.10"]
[SourceVersion "1"]
[SourceVersionDate "2023.10.10"]
[SourceQuality "1"]

1. Nf3 d5 2. c4 e6 3. d4 Nf6 4. g3 dxc4 5. Bg2 a6 6. 0-0 Nc6 7. e3 Rb8 8. Qc2 b5 9. b3 Nb4 10. Qe2 cxb3 11. axb3 Bb7 12. Ba3 Bd6 13. Rc1 0-0 14. Bxb4 Bxb4 15. Ne5 Bxg2 16. Kxg2 Qd5+ 17. Qf3 Qxb3 18. Rxa6 Qb2 19. Nd3 Qb3 20. Nxb4 Qxb4 21. Nc3 Qb2 22. Qd1 Rfd8 23. Ra2 Qb4 24. Rb1 Qc4 25. Qb3 Qc6+ 26. f3 e5 27. dxe5 Ng4 28. Ne4 Nxe5 29. Rc2 Nc4 30. Qc3 Nxe3+ 31. Kh3 Qh6# 0-1

[Event "Titled Tuesday intern op 20th Dec Early"]
[Site "Chess.com INT"]
[Date "2022.12.20"]
[Round "6"]
[White "Zhou, Aiden"]
[Black "Averjanov, Alexey"]
[Result "1-0"]
[WhiteElo "2135"]
[BlackElo "2399"]
[PlyCount "57"]
[EventDate "2022.12.20"]
[EventType "swiss (blitz)"]
[EventRounds "11"]
[EventCountry "USA"]
[SourceTitle "EXT 2024"]
[Source "ChessBase"]
[SourceDate "2023.10.10"]
[SourceVersion "1"]
[SourceVersionDate "2023.10.10"]
[SourceQuality "1"]

1. d4 d5 2. c4 dxc4 3. Nf3 Nf6 4. e3 e6 5. Bxc4 a6 6. Nc3 b5 7. Bb3 Bb7 8. 0-0 Nbd7 9. a3 c5 10. Qe2 Be7 11. Rd1 Qb6 12. e4 cxd4 13. Nxd4 Bc5 14. Be3 Nxe4 15. Nxe4 Bxe4 16. Nxe6 fxe6 17. Rxd7 Kxd7 18. Bxc5 Qxc5 19. Qxe4 Rhe8 20. Qb7+ Kd6 21. Rd1+ Ke5 22. Qxg7+ Kf5 23. Qf7+ Kg5 24. Qg7+ Kf5 25. Re1 e5 26. g4+ Kf4 27. Qf6+ Kxg4 28. Re4+ Kh3 29. Qh4# 1-0

[Event "Titled Tuesday intern op 20th Dec Early"]
[Site "Chess.com INT"]
[Date "2022.12.20"]
[Round "7"]
[White "Zhou, Aiden"]
[Black "Machidon, Cristi"]
[Result "0-1"]
[WhiteElo "2135"]
[BlackElo "2286"]
[PlyCount "70"]
[EventDate "2022.12.20"]
[EventType "swiss (blitz)"]
[EventRounds "11"]
[EventCountry "USA"]
[SourceTitle "EXT 2024"]
[Source "ChessBase"]
[SourceDate "2023.10.10"]
[SourceVersion "1"]
[SourceVersionDate "2023.10.10"]
[SourceQuality "1"]

1. d4 Nf6 2. c4 d6 3. Nf3 Nbd7 4. Nc3 e5 5. e4 Be7 6. Be2 0-0 7. 0-0 c6 8. d5 a5 9. Bg5 Nc5 10. Bxf6 Bxf6 11. Qc2 g6 12. Ne1 Bg7 13. Nd3 Qb6 14. Nxc5 Qxc5 15. Na4 Qa7 16. c5 cxd5 17. cxd6 Be6 18. exd5 Bxd5 19. Rfd1 Bc6 20. Nc5 Rfd8 21. Rac1 Bf8 22. Ne4 Qb6 23. Bc4 Bh6 24. Rb1 Rac8 25. b3 Bg7 26. Ng5 Rd7 27. Qe2 h6 28. Nxf7 Rxf7 29. Qg4 Rd8 30. Qxg6 Rdd7 31. Kh1 Bb5 32. Be6 Qxf2 33. Bxf7+ Rxf7 34. d7 Bxd7 35. Rxd7 Qf1+ 0-1

[Event "World op 47th"]
[Site "Philadelphia"]
[Date "2019.07.05"]
[Round "4"]
[White "Zhou, Aiden"]
[Black "Niemann, Hans Moke"]
[Result "0-1"]
[WhiteElo "2074"]
[BlackElo "2467"]
[PlyCount "112"]
[EventDate "2019.07.03"]
[EventType "swiss"]
[EventRounds "9"]
[EventCountry "USA"]
[SourceTitle "CBM 191 Extra"]
[Source "ChessBase"]
[SourceDate "2019.09.30"]
[SourceVersion "1"]
[SourceVersionDate "2019.09.30"]
[SourceQuality "1"]

1. d4 Nf6 2. c4 e6 3. Nc3 Bb4 4. e3 0-0 5. Nge2 Re8 6. a3 Bf8 7. Ng3 d5 8. cxd5 exd5 9. Bd3 c5 10. 0-0 Bg4 11. f3 Be6 12. dxc5 Bxc5 13. b4 Bd6 14. Nb5 Be5 15. Nd4 Nc6 16. Bb2 Nxd4 17. Bxd4 Bxd4 18. exd4 Nd7 19. f4 Nf6 20. f5 Bd7 21. Qf3 Qb6 22. Qf4 Bb5 23. Bxb5 Qxb5 24. Rf3 Rac8 25. Raf1 Rc2 26. Re3 Rxe3 27. Qxe3 h6 28. h3 Qc4 29. Re1 Qa2 30. Re2 Rxe2 31. Nxe2 Qb1+ 32. Kh2 Qxf5 33. Ng3 Qe6 34. Qf4 Kh7 35. Qb8 Ne4 36. Ne2 Qd6+ 37. Qxd6 Nxd6 38. Nc3 Kg6 39. g4 f5 40. Nxd5 fxg4 41. hxg4 Nb5 42. a4 Nxd4 43. Ne7+ Kf6 44. Nc8 a6 45. Nd6 b5 46. axb5 axb5 47. Ne4+ Ke5 48. Nc3 Kf4 49. Kh3 g5 50. Nd5+ Ke4 51. Nf6+ Kd3 52. Kg3 Kc4 53. Kf2 Kxb4 54. Ke3 Kc4 55. Kd2 b4 56. Ng8 b3 0-1

[Event "Chicago op 28th"]
[Site "Chicago"]
[Date "2019.05.24"]
[Round "2"]
[White "Yanayt, Eugene"]
[Black "Zhou, Aiden"]
[Result "1/2-1/2"]
[WhiteElo "2263"]
[BlackElo "1926"]
[PlyCount "116"]
[EventDate "2019.05.23"]
[EventType "swiss"]
[EventRounds "9"]
[EventCountry "USA"]
[SourceTitle "CBM 190 Extra"]
[Source "ChessBase"]
[SourceDate "2019.07.15"]
[SourceVersion "1"]
[SourceVersionDate "2019.07.15"]
[SourceQuality "1"]

1. Nf3 Nf6 2. c4 g6 3. Nc3 Bg7 4. e4 d6 5. d4 0-0 6. Be2 e5 7. 0-0 Nc6 8. d5 Ne7 9. Ne1 Nd7 10. Nd3 f5 11. Bd2 Nf6 12. f3 f4 13. Rc1 g5 14. c5 Ng6 15. Nb5 Rf7 16. Ba5 b6 17. cxd6 cxd6 18. Be1 g4 19. fxg4 Nxe4 20. Nb4 a6 21. Bf3 Ng5 22. Nc3 Nxf3+ 23. gxf3 Qf8 24. Ne4 Bb7 25. Qb3 a5 26. Nc6 Ba6 27. Rf2 Rb7 28. Rfc2 Bf6 29. Qa3 Rd7 30. g5 Bg7 31. Rg2 Kh8 32. h4 Ne7 33. Nxe7 Qxe7 34. Rc6 Bb7 35. Rxb6 Bxd5 36. Rd2 Bxe4 37. fxe4 Qe6 38. Rbxd6 Rxd6 39. Qxd6 Qxa2 40. h5 Qb1 41. Rd1 Qxe4 42. h6 Bf8 43. Qf6+ Kg8 44. Qe6+ Kh8 45. Bf2 f3 46. Rd7 Qf4 47. Qf6+ Qxf6 48. gxf6 Bxh6 49. Re7 Bg5 50. Rf7 h6 51. Bc5 e4 52. Kf2 Rc8 53. Bd4 Rd8 54. Bc3 Bh4+ 55. Ke3 Bg5+ 56. Kf2 Bh4+ 57. Ke3 Bg5+ 58. Kf2 Bh4+ 1/2-1/2